| 000 | 00839nam a2200301Ia 4500 | ||
|---|---|---|---|
| 008 | 160803s9999 xx 000 0 und d | ||
| 020 | _a 9780064451291 | ||
| 100 | _aHeligman, Deborah | ||
| 245 | _aFrom caterpillar to butterfly / | ||
| 245 | _cby Deborah Heiligman ; illustrated by Bari Weissman. | ||
| 260 | _aNew York : | ||
| 260 | _bScholastic Inc. | ||
| 260 | _c1996 | ||
| 300 | _a31 pages : | ||
| 300 | _bcolor illustrations ; | ||
| 300 | _c21 cm. | ||
| 440 | _aLet's-read-and-find-out science., | ||
| 440 | _vStage 1. | ||
| 650 | _aButterflies -- | ||
| 650 | _aButterflies -- Metamorphosis -- | ||
| 650 | _aCaterpillars -- | ||
| 650 | _aCaterpillars. | ||
| 650 | _aMetamorphosis. | ||
| 650 | _xJuvenile literature. | ||
| 650 | _xJuvenile literature. | ||
| 650 | _xMetamorphosis. | ||
| 700 | _a490 | ||
| 999 |
_c298132 _d298132 |
||